Razones para amar a Mazatlán /

Historias inusuales de las costumbres, la gastronomía, el patrimonio así como las personalidades que han hecho a la ciudad de Mazatlán un lugar entrañable.

Guardado en:
Detalles Bibliográficos
Autor principal: Hernández Norzagaray, Ernesto (autor)
Otros autores: Rojo, Aleyda (presentación) (presentación)
Formato: Libro
Idioma:Español
Publicado: Culiacán, México : Universidad Autónoma de Sinaloa, 2022, c2022
Temas:
Etiquetas: Agrega una etiqueta
Sin etiquetas, Sé el primero en etiquetar este registro!

MARC

LEADER 00000nam^a2200000^a^4500
001 000579603
005 20250521000000.0
009 20260310132532.412
020 |a 978-607-737-378-0 
037 |a Acervo ITESO - Biblioteca 
041 |a ESP 
082 |a 972. 327  |b HER 
100 |a Hernández Norzagaray, Ernesto  |e (autor) 
245 1 0 |a Razones para amar a Mazatlán /  |c E. Hernández Norzagaray ; presen. de A. Rojo. 
264 4 |a Culiacán, México :  |b Universidad Autónoma de Sinaloa,  |c 2022, c2022 
300 |a 158 p., [28 láminas] 
336 |a texto  |b txt  |2 rdacontenido 
337 |a sin mediación  |b n  |2 rdamedio 
338 |a volumen  |b nc  |2 rdasoporte 
520 |a Historias inusuales de las costumbres, la gastronomía, el patrimonio así como las personalidades que han hecho a la ciudad de Mazatlán un lugar entrañable. 
649 |a XX 
650 |a Carnavales -  |z Mazatlán, Sinaloa 
650 |a Identidad Cultural -  |z Mazatlán, Sinaloa 
650 |a Identidad Cultural -  |z Sinaloa 
650 |a Prácticas Culturales -  |z Mazatlán, Sinaloa 
650 |a Prácticas Culturales -  |z Sinaloa 
650 |a Gastronomía -  |z Mazatlán, Sinaloa 
650 |a Gastronomía -  |z Sinaloa 
650 |a Música y Sociedad -  |z Mazatlán, Sinaloa -  |x Historia y Crítica 
650 |a Música y Sociedad -  |z Sinaloa -  |x Historia y Crítica 
650 |a Antropología Cultural 
650 |a Sociología de la Cultura 
650 |a Mazatlán, Sinaloa -  |x Historia -  |x Tema Principal 
650 |a Mazatlán, Sinaloa -  |x Descripción 
650 |a Mazatlán, Sinaloa -  |x Condiciones Sociales y Culturales 
650 |a Sinaloa -  |x Historia 
650 |a Sinaloa -  |x Descripción 
650 |a Sinaloa -  |x Condiciones Sociales y Culturales 
700 |a Rojo, Aleyda  |e (presentación) 
910 |a Fondo General 
920 |a Impresos - Libros 
930 |a Colección General 
905 |a 101 
901 |a 0500395153  |b IT1  |c ACC  |i C182814  |u 20250521 
902 |a https://opac.biblio.iteso.mx/vufind/Record/000579603